LEADER 00925nam0-22002891i-450- 001 990006283480403321 005 19980601 035 $a000628348 035 $aFED01000628348 035 $a(Aleph)000628348FED01 035 $a000628348 100 $a19980601d1958----km-y0itay50------ba 105 $a--------00-yy 200 1 $aRelazione sulla situazione delle industrie nucelari della Comunita'. 210 $aBruxelles$cs.e.$d1958 215 $a170 p.$d24 cm 225 1 $a"Comunita' europea dell'energia atomica. Euratom. La Commissione. Relazioni...$v3 676 $a343.0925 710 0 $aEuratom$9$035125 801 0$aIT$bUNINA$gRICA$2UNIMARC 901 $aBK 912 $a990006283480403321 952 $aXXII EURATOM 1 (3)$b69716$fFGBC 959 $aFGBC 996 $aRelazione sulla situazione delle industrie nucelari della Comunita'$9640305 997 $aUNINA DB $aGIU01 LEADER 02295oas 2200661 a 450 001 9910698666203321 005 20251106213014.0 011 $a1947-3338 035 $a(OCoLC)309341064 035 $a(CONSER) 2009230514 035 $a(CKB)1000000000745300 035 $a(EXLCZ)991000000000745300 100 $a20090218a20069999 ua a 101 0 $aeng 135 $aur||||||||||| 181 $ctxt$2rdacontent 182 $cc$2rdamedia 183 $acr$2rdacarrier 200 00$aComputational modeling of quality changes in meats during hydrodynamic and hydrostatic pressure processing ... annual report 210 $a[Washington, D.C.] $cU.S. Dept. of Agriculture, Agricultural Research Service 215 $cHTML files 606 $aMeat$xQuality$zUnited States$vPeriodicals 606 $aMeat$xPreservation$xTechnological innovations$zUnited States$vPeriodicals 606 $aDynamics$xComputer simulation$vPeriodicals 606 $aHigh pressure (Technology)$xComputer simulation$vPeriodicals 606 $aDynamics$xComputer simulation$2fast$3(OCoLC)fst00900297 606 $aMeat$xQuality$2fast$3(OCoLC)fst01013239 607 $aUnited States$2fast$1https://id.oclc.org/worldcat/entity/E39PBJtxgQXMWqmjMjjwXRHgrq 608 $aPeriodicals.$2fast 608 $aPeriodicals.$2lcgft 615 0$aMeat$xQuality 615 0$aMeat$xPreservation$xTechnological innovations 615 0$aDynamics$xComputer simulation 615 0$aHigh pressure (Technology)$xComputer simulation 615 7$aDynamics$xComputer simulation. 615 7$aMeat$xQuality. 676 $a338.1 712 02$aQuality and Utilization of Agricultural Products National Program (U.S.) 712 02$aUnited States.$bAgricultural Research Service. 801 0$bGPO 801 1$bGPO 801 2$bGPO 801 2$bNSD 801 2$bGPO 801 2$bOCLCQ 801 2$bDLC 801 2$bOCLCQ 801 2$bOCLCA 801 2$bGILDS 801 2$bOCLCO 801 2$bOCLCF 801 2$bOCLCQ 801 2$bOCLCL 801 2$bOCLCQ 906 $aJOURNAL 912 $a9910698666203321 996 $aComputational modeling of quality changes in meats during hydrodynamic and hydrostatic pressure processing ... annual report$93196907 997 $aUNINA